| 000 | 01194nam a2200361 i 4500 | ||
|---|---|---|---|
| 001 | 1695 | ||
| 003 | KOSZ 005 | ||
| 005 | 20220609091013.0 | ||
| 008 | 000114s1982 pl a f f |001 0 pol | ||
| 015 | _aPB 1981/9859 | ||
| 020 | _a832040357X | ||
| 040 |
_aWA N _cWA N _dKOSZ 005/HR |
||
| 041 | 0 | _apol | |
| 046 | _k1982 | ||
| 080 | _a004 | ||
| 080 | _a(075.8) | ||
| 100 | 1 |
_aMisiurewicz, Piotr _d(1938-2011) _eAutor |
|
| 245 | 1 | 0 |
_aPodstawy techniki cyfrowej / _cPiotr Misiurewicz. |
| 260 |
_aWarszawa : _bWydawnictwa Naukowo-Techniczne, _c1982. |
||
| 300 |
_a314, [2] s. : _bil., tab., wykr., err. ; _c24 cm. |
||
| 380 | _aKsiążki | ||
| 388 | _a1901-2000 | ||
| 388 | _a1945-1989 | ||
| 490 | 1 | _aPodręczniki Akademickie. Elektrotechnika. | |
| 504 | _aBibliogr. s. 311-312. - Indeks. | ||
| 650 | 4 | _aKomputery | |
| 655 | 4 | _aPodręczniki akademickie | |
| 658 | _aInformatyka i technologie informacyjne | ||
| 710 |
_aWydawnictwa Naukowo-Techniczne _4pbl |
||
| 856 |
_uhttp://koha.tu.koszalin.pl/cgi-bin/koha/opac-detail.pl?biblionumber=1695 _yKatalog online BPK |
||
| 830 | 0 |
_aPodręczniki Akademickie. _pElektrotechnika |
|
| 942 |
_2UKD _cKS |
||
| 999 |
_c1695 _d1695 |
||